000 01041nam0a22002411 4500
001 rc\92504
005 20250620175908.0
035 _a(NLR Aleph) 005358306
090 _a6870810
_c6870810
100 _a20021216d1994 |||y0rusy50 ca
101 0 _arus
102 _aRU
105 _aa |||||||||
200 1 _aПодросткам о художниках
_eМетод. рекомендации к проведению моногр. уроков по изобразит. искусству
_eПособие для учителя
_fФил. Моск. ин-та повышения квалификации работников образования - Моск. центр худож. культуры и образования
210 _aМ.
_cЦентр ХКО
_d1994
215 _a150 с., [8] л. ил.
_d20
320 _aБиблиогр.: с. 76-93
700 1 _aФомина
_bН.Н.
_gНаталья Николаевна
801 0 _aRU
_bNLR
_gpsbo
801 1 _aRU
_bELAR
_2rusmarc
852 _aNLR
_j94-3/3335
942 _cBOOK
980 _aNB